Piłkarze z Serie A w tegorocznym Copa America - Statystyki

Ogólne statystyki
  • Ten quiz został rozwiązany 16 razy
  • Średni wynik to 10 z 22
Statystyki odpowiedzi
Klub Reprezentacja Piłkarz % Poprawnych
Inter Mediolan Argentyna Lautaro Martínez
93%
Inter Mediolan Chile Alexis Sánchez
86%
Juventus USA Timothy Weah
79%
Juventus USA Weston McKennie
79%
AC Milan USA Christian Pulisic
71%
Juventus Brazylia Bremer
64%
Juventus Brazylia Danilo
64%
AC Fiorentina Argentyna Nicolás González
64%
Atalanta Brazylia Éderson
57%
SSC Napoli Urugwaj Mathías Olivera
50%
Inter Mediolan Kanada Tajon Buchanan
50%
AC Milan USA Yunus Musah
50%
AS Roma Argentyna Leandro Paredes
43%
Cagliari Urugwaj Nahitan Nández
29%
Cagliari Peru Gianluca Lapadula
21%
Bologna Kolumbia Jhon Lucumí
21%
AC Fiorentina Argentyna Lucas Martínez Quarta
21%
Cagliari Kolumbia Yerry Mina
21%
Genoa CFC Meksyk Johan Vásquez
14%
Palermo USA Kristoffer Lund
14%
AC Monza Argentyna Valentín Carboni
7%
Parma Wenezuela Yordan Osorio
7%
Nie znaleziono quizów pasujących do podanych kryteriów
Rozkład punktacji
Procent ludzi z każdym wynikiem
Percentyl według liczby udzielonych odpowiedzi
Twoja historia wyników
Nie rozwiązałeś tego quizu